00588nam a2200145 a 450000100100000000500170001000800410002704000250006808200160009311000500010924500980015924600940025726000710035130000200042200001427620200929163543.0091209s1997 dr 001 0 spa d aDO-SdBNPbspacBNPHU axxxxbR426r1 aRepública DominicanabCámara de Diputados10aReglamento interior y reglamento para el régimen del personal subalterno de secretaría /.14aReglamento interno y reglamento para el régimen del personal subalterno de secretaría aSanto Domingo :bCámara de Diputados,c1997.feditora de Colores a55 P. ;c21 cm.